000 00222nam a2200097Ia 4500
005 20251222114405.0
008 251222s1900||||xx |||||||||||||| ||spa||
082 _aDVD0111/M66/1988
245 0 _aMi vecino Totoro:
942 _cDVD
999 _c1797
_d1797